| 000 | 00581nam a2200229Ia 4500 | ||
|---|---|---|---|
| 003 | OSt | ||
| 005 | 20221007081927.0 | ||
| 006 | a|||||r|||| 00| 0 | ||
| 007 | ta | ||
| 008 | 221006b |||||||| |||| 00| 0 eng d | ||
| 024 | _a27,375 | ||
| 037 | _cTextual | ||
| 040 |
_aFLL _cFLL _beng |
||
| 041 |
_2eng _aeng |
||
| 082 | _aZ52, F7 | ||
| 100 |
_aRadin Max _9685515 |
||
| 245 | 0 | _aRoman law | |
| 260 |
_aSt. Paul , _bMinn. West Publishing Co. St. Minn. _c1927 |
||
| 300 |
_axiv,1-516p _ccm. |
||
| 942 |
_hZ52, F7 _cTEXL _2CC |
||
| 999 |
_c1164732 _d1164732 |
||